000 00410nam a2200169Ia 4500
008 230711s9999||||xx |||||||||||||| ||und||
020 _a978-7-5623-3882-6
041 _aENG
082 _a720
_bTA-W
100 _aTart,J
245 0 _aWorld Architecture 8 :: apartment building II
250 _a1st Ed.
260 _c2012
_aChina
_bJ Tart Publishing
300 _a265
650 _aArchitecture
942 _cBK
999 _c5729
_d5729